| 000 | 00632nam a2200217 i 4500 | ||
|---|---|---|---|
| 001 | 12595 | ||
| 003 | ES-MaACL | ||
| 005 | 20230906150344.0 | ||
| 007 | t| | ||
| 008 | 960814s1995 sp ||||0| spa | ||
| 020 | _a84-8237-013-8 | ||
| 080 | _a929:1 Krishnamurti, J | ||
| 100 | 1 |
_aWeeraperuma, Susunaga. _9116300 |
|
| 245 | 1 | 0 |
_aKrishnamurti tal como le conocí / _cSusunaga Weeperuma ; traducción de Celia Filipetto. |
| 250 | _a1ª ed. | ||
| 260 |
_aBarcelona : _bThassàlia, _c1995. |
||
| 300 |
_a170 p ; _c21 cm. |
||
| 600 | 1 | 4 |
_aKrishnamurti, J. _968859 |
| 700 | 1 |
_aFilipetto, Celia. _950839 |
|
| 852 | 4 |
_aES-MaACL _jL-19900 |
|
| 999 |
_c12595 _d12595 |
||